[Event "SC Rochade Emsdetten 2 - SK Metelen 1"]
[Site "Verbandsliga 2017/2018"]
[Date "2017.12.09"]
[Round "4.8"]
[White "Lücke, Thomas"]
[Black "Blanke, Martin"]
[Result "1-0"]
[WhiteElo "1828"]
[BlackElo "1651"]
[PlyCount "81"]
[EventDate "2017.??.??"]
[SourceTitle "Verband Muensterland"]
[SourceDate "2017.09.16"]
[SourceVersion "1"]
[SourceVersionDate "2017.09.16"]
[SourceQuality "1"]

1. d4 Nf6 2. Bf4 d5 3. Nf3 Nbd7 4. e3 Nh5 5. Bg5 h6 6. Bh4 g5 7. Bg3 Nxg3 8.
hxg3 Bg7 9. c4 c6 10. Nc3 e6 11. Bd3 Qb6 12. Qc2 Qc7 13. cxd5 cxd5 14. Rc1 Qa5
15. Nd2 a6 16. Nb3 Qb4 17. a3 Qd6 18. Na4 O-O 19. Qc7 Qxc7 20. Rxc7 b5 21. Nac5
Nb6 22. Na5 Nc4 23. Bxc4 bxc4 24. Nc6 a5 25. Kd2 Re8 26. Na4 Ba6 27. Nb6 Rab8
28. Nxb8 Rxb8 29. Na4 Bb5 30. Nc3 Be8 31. Kc2 Ra8 32. b3 cxb3+ 33. Kxb3 a4+ 34.
Ka2 Bf8 35. Rb1 Kg7 36. Rb6 Kf6 37. Nxd5+ Kg7 38. Rxe6 Bb5 39. Rf6 Rd8 40.
Rfxf7+ Kg8 41. Nf6+ 1-0

[Event "Schach Nienberge 2 - SF Olfen 1"]
[Site "Verbandsliga 2017/2018"]
[Date "2017.12.09"]
[Round "4.1"]
[White "Koke, Christoph"]
[Black "da Costa Campos, André"]
[Result "1/2-1/2"]
[WhiteElo "2075"]
[BlackElo "1942"]
[PlyCount "108"]
[EventDate "2017.??.??"]
[SourceTitle "Verband Muensterland"]
[SourceDate "2017.09.16"]
[SourceVersion "1"]
[SourceVersionDate "2017.09.16"]
[SourceQuality "1"]

1. d4 d5 2. c4 e6 3. Nf3 Nf6 4. g3 Be7 5. Bg2 O-O 6. O-O dxc4 7. Qc2 a6 8. Qxc4
b5 9. Qc2 Bb7 10. Bd2 Be4 11. Qb3 Bd5 12. Qe3 Nbd7 13. Ba5 Qb8 14. b4 Nb6 15.
Nbd2 Nc4 16. Nxc4 Bxc4 17. Ne5 Bd5 18. Nc6 Qe8 19. Rfc1 Bxg2 20. Kxg2 Bd6 21.
Qd3 Nd5 22. e4 Nb6 23. f4 Nc4 24. Rxc4 bxc4 25. Qxc4 Qd7 26. Rc1 Rfe8 27. a3 f6
28. a4 Qf7 29. e5 fxe5 30. dxe5 Bf8 31. Rd1 h5 32. Rd4 h4 33. g4 Qg6 34. f5 Qf7
35. Rf4 Qd7 36. Rd4 Qf7 37. f6 gxf6 38. Rf4 f5 39. gxf5 exf5 40. Qxf7+ Kxf7 41.
Rxh4 Bg7 42. Kf3 Bxe5 43. Nxe5+ Rxe5 44. Bxc7 Rd5 45. Bb6 Rc8 46. a5 Rc3+ 47.
Ke2 Rb3 48. Bc5 Rb2+ 49. Ke3 Kf6 50. Rh8 Rc2 51. Ra8 Rc3+ 52. Kf4 Rc4+ 53. Kf3
Rc3+ 54. Kf4 Rc4+ 1/2-1/2

[Event "Schach Nienberge 2 - SF Olfen 1"]
[Site "Verbandsliga 2017/2018"]
[Date "2017.12.09"]
[Round "4.2"]
[White "Melkert, Tim"]
[Black "Bösel, Alexander"]
[Result "0-1"]
[WhiteElo "1946"]
[BlackElo "2000"]
[PlyCount "90"]
[EventDate "2017.??.??"]
[SourceTitle "Verband Muensterland"]
[SourceDate "2017.09.16"]
[SourceVersion "1"]
[SourceVersionDate "2017.09.16"]
[SourceQuality "1"]

1. e4 c5 2. Nf3 d6 3. Bb5+ Nd7 4. O-O a6 5. Bd3 Ngf6 6. Re1 e5 7. c3 g6 8. Bf1
Bg7 9. d4 exd4 10. cxd4 O-O 11. Nc3 cxd4 12. Nxd4 Re8 13. Nb3 Nc5 14. f3 Nxb3
15. Qxb3 b5 16. a4 Be6 17. Qb4 bxa4 18. Rxa4 a5 19. Qa3 d5 20. Bb5 Bf8 21. Qa1
d4 22. Bxe8 dxc3 23. Bxf7+ Bxf7 24. bxc3 Bb3 25. Rd4 Bc5 26. Kh1 Bxd4 27. cxd4
a4 28. d5 Ne8 29. Qd4 Qa5 30. Bd2 Qa7 31. Qe5 Qg7 32. Qe6+ Qf7 33. Qe5 Qf6 34.
Qg3 Qd4 35. Be3 Qc3 36. Qf2 Rc8 37. Bd4 Qc2 38. Qg3 Qd2 39. Be3 Qc3 40. Qf2 a3
41. f4 Qb2 42. f5 Qxf2 43. Bxf2 gxf5 44. exf5 Bxd5 45. Kg1 Rc2 0-1

[Event "Schach Nienberge 2 - SF Olfen 1"]
[Site "Verbandsliga 2017/2018"]
[Date "2017.12.09"]
[Round "4.3"]
[White "Beutelhoff, Josef"]
[Black "Wetterau, Georg"]
[Result "1/2-1/2"]
[WhiteElo "1971"]
[BlackElo "1805"]
[PlyCount "38"]
[EventDate "2017.??.??"]
[SourceTitle "Verband Muensterland"]
[SourceDate "2017.09.16"]
[SourceVersion "1"]
[SourceVersionDate "2017.09.16"]
[SourceQuality "1"]

1. d4 Nf6 2. c4 g6 3. Nc3 Bg7 4. e4 d6 5. f3 O-O 6. Be3 Nc6 7. Nge2 a6 8. Qd2
Rb8 9. d5 Ne5 10. Ng3 c5 11. h3 b5 12. cxb5 axb5 13. Nxb5 Ba6 14. a4 Ne8 15. f4
Bxb5 16. axb5 Nd7 17. Bd3 Nc7 18. Ra5 e6 19. dxe6 Nxe6 1/2-1/2

[Event "Schach Nienberge 2 - SF Olfen 1"]
[Site "Verbandsliga 2017/2018"]
[Date "2017.12.09"]
[Round "4.5"]
[White "Pinno, Gregor"]
[Black "Kluczka, Konrad"]
[Result "1-0"]
[WhiteElo "1776"]
[BlackElo "1787"]
[PlyCount "73"]
[EventDate "2017.??.??"]
[SourceTitle "Verband Muensterland"]
[SourceDate "2017.09.16"]
[SourceVersion "1"]
[SourceVersionDate "2017.09.16"]
[SourceQuality "1"]

1. Nf3 d5 2. g3 Nf6 3. Bg2 e6 4. O-O c5 5. d3 Bd6 6. Nbd2 Nc6 7. Re1 Qc7 8. e4
dxe4 9. dxe4 Be7 10. a3 O-O 11. e5 Nd7 12. Qe2 Rb8 13. Nf1 Rd8 14. h4 Nd4 15.
Nxd4 cxd4 16. Bf4 Nc5 17. Red1 b6 18. Rac1 Ba6 19. Qg4 Bb7 20. Bxb7 Rxb7 21.
Nd2 Kh8 22. h5 Qc6 23. h6 gxh6 24. Bxh6 Rg8 25. Qxd4 Rg6 26. Bf4 Rd7 27. Qc3
Qb5 28. b4 Na4 29. Qc4 Qxc4 30. Nxc4 Rc7 31. Nd6 Nc3 32. Rd2 Nd5 33. Kf1 Kg7
34. Ne8+ Kf8 35. Nxc7 Nxc7 36. c4 b5 37. Rd7 1-0

[Event "Schach Nienberge 2 - SF Olfen 1"]
[Site "Verbandsliga 2017/2018"]
[Date "2017.12.09"]
[Round "4.6"]
[White "Scharlow, Siegmar"]
[Black "Preuß, Richard"]
[Result "0-1"]
[WhiteElo "1691"]
[BlackElo "1747"]
[PlyCount "135"]
[EventDate "2017.??.??"]
[SourceTitle "Verband Muensterland"]
[SourceDate "2017.09.16"]
[SourceVersion "1"]
[SourceVersionDate "2017.09.16"]
[SourceQuality "1"]

1. d4 d5 2. c4 e6 3. Nc3 Nf6 4. cxd5 exd5 5. Bg5 c6 6. e3 Be7 7. Qc2 O-O 8. Bd3
h6 9. Bh4 Re8 10. Nf3 Bg4 11. Ne5 Nbd7 12. Nxg4 Nxg4 13. Bg3 Bh4 14. Bxh4 Qxh4
15. g3 Qg5 16. O-O-O Nb6 17. h3 Nf6 18. h4 Qg4 19. Be2 Qe6 20. Bd3 Ne4 21. Rhf1
Rac8 22. Kb1 c5 23. Bxe4 cxd4 24. Bf5 Rxc3 25. Bxe6 Rxc2 26. Bxf7+ Kxf7 27.
Kxc2 dxe3 28. fxe3+ Kg6 29. Kd3 Nc4 30. Rde1 Nxb2+ 31. Kd4 Nc4 32. Re2 Re7 33.
e4 Nb6 34. Rfe1 dxe4 35. Rxe4 Rd7+ 36. Kc3 Nd5+ 37. Kb2 Rf7 38. Re6+ Kh7 39.
R1e5 Nb6 40. Re3 Nc4+ 41. Kc3 Nxe3 42. Rxe3 Kg6 43. Kd3 Kh5 44. Ke2 Kg4 45. a3
b6 46. Rd3 a6 47. Re3 Rf6 48. Rd3 Rc6 49. Kf2 Rc2+ 50. Kg1 Rb2 51. Kf1 Kh3 52.
Rd7 Kxg3 53. Rxg7+ Kxh4 54. Rh7 h5 55. a4 Kg4 56. Rb7 b5 57. Rb6 Ra2 58. Rxa6
h4 59. Rg6+ Kh5 60. Ra6 h3 61. Kg1 Kg5 62. Kh1 Kf5 63. Kg1 h2+ 64. Kh1 Ke5 65.
Rb6 Rxa4 66. Kxh2 Ra5 67. Kg2 Kd4 68. Kf2 0-1

[Event "Schach Nienberge 2 - SF Olfen 1"]
[Site "Verbandsliga 2017/2018"]
[Date "2017.12.09"]
[Round "4.7"]
[White "Boenigk, Winfried"]
[Black "Hagemann, Lars"]
[Result "1-0"]
[WhiteElo "1743"]
[BlackElo "1724"]
[PlyCount "78"]
[EventDate "2017.??.??"]
[SourceTitle "Verband Muensterland"]
[SourceDate "2017.09.16"]
[SourceVersion "1"]
[SourceVersionDate "2017.09.16"]
[SourceQuality "1"]

1. d4 Nf6 2. c4 e6 3. Nc3 d5 4. Bg5 Nbd7 5. e3 Be7 6. Nf3 O-O 7. Be2 c6 8. O-O
Re8 9. Rc1 Nf8 10. h3 Ng6 11. Ne5 Nxe5 12. dxe5 Nd7 13. Bxe7 Qxe7 14. f4 f6 15.
exf6 Nxf6 16. a3 Bd7 17. Qc2 e5 18. f5 d4 19. Nd1 c5 20. e4 Bc6 21. Bf3 b5 22.
g4 Qb7 23. Nf2 Rad8 24. cxb5 Qxb5 25. Qxc5 Rc8 26. b4 Nd7 27. Qc2 Nb6 28. Be2
Qa4 29. Qa2+ Kh8 30. Bd1 Qa6 31. Rc4 Qb7 32. Re1 Na4 33. Bxa4 Bxa4 34. Rec1
Rxc4 35. Rxc4 Bc6 36. Qc2 Rc8 37. Kg2 Bd7 38. Rxc8+ Bxc8 39. Qc5 Qd7 1-0

[Event "Schach Nienberge 2 - SF Olfen 1"]
[Site "Verbandsliga 2017/2018"]
[Date "2017.12.09"]
[Round "4.8"]
[White "Jörgensmann, Rolf"]
[Black "Limberg, Johannes"]
[Result "1/2-1/2"]
[WhiteElo "1639"]
[BlackElo "1609"]
[PlyCount "26"]
[EventDate "2017.??.??"]
[SourceTitle "Verband Muensterland"]
[SourceDate "2017.09.16"]
[SourceVersion "1"]
[SourceVersionDate "2017.09.16"]
[SourceQuality "1"]

1. e4 c5 2. Nf3 e6 3. c3 a6 4. d4 cxd4 5. cxd4 Nf6 6. Nc3 Bb4 7. Bd3 Qc7 8. Bd2
Nc6 9. O-O d6 10. Rc1 O-O 11. Bg5 Nd7 12. Bd2 Nf6 13. Bg5 Nd7 1/2-1/2

[Event "SF Telgte 1 - TV Borken 1"]
[Site "Verbandsliga 2017/2018"]
[Date "2017.12.09"]
[Round "4.1"]
[White "Schulze-Schwering, Philipp"]
[Black "Hackl-Sommer, René"]
[Result "1/2-1/2"]
[WhiteElo "2071"]
[BlackElo "1984"]
[PlyCount "122"]
[EventDate "2017.??.??"]
[SourceTitle "Verband Muensterland"]
[SourceDate "2017.09.16"]
[SourceVersion "1"]
[SourceVersionDate "2017.09.16"]
[SourceQuality "1"]

1. d4 Nf6 2. c4 g6 3. g3 Bg7 4. Bg2 O-O 5. Nc3 d6 6. Nf3 Nbd7 7. O-O e5 8. d5
a5 9. e4 Nc5 10. Ne1 Bg4 11. f3 Bd7 12. Nd3 Nxd3 13. Qxd3 Nh5 14. Be3 f5 15.
Bf2 b6 16. b3 Nf6 17. a3 fxe4 18. Nxe4 Bf5 19. h3 Qc8 20. Kh2 Bxe4 21. fxe4 Bh6
22. Bg1 Bg5 23. b4 axb4 24. axb4 Qb7 25. c5 bxc5 26. bxc5 Rxa1 27. Rxa1 Rb8 28.
Qa3 Ne8 29. c6 Qb2 30. h4 Be7 31. Qxb2 Rxb2 32. Ra8 Kf7 33. Rc8 g5 34. hxg5
Bxg5 35. Ba7 Bd2 36. Bb8 Ba5 37. Kh3 Rb3 38. Kh2 Rb2 39. g4 h6 40. Kg3 Be1+ 41.
Kh3 Rb3+ 42. Kh2 Ba5 43. g5 hxg5 44. Bh3 g4 45. Bxg4 Nf6 46. Bf5 Nh5 47. Rxc7+
Bxc7 48. Bxc7 Ng7 49. Bd7 Ke7 50. Ba5 Ra3 51. Be1 Kd8 52. Bb4 Ra4 53. Bxd6 Rxe4
54. Bh3 Ne8 55. Bc5 Kc7 56. Bf2 Nf6 57. Bg2 Ng4+ 58. Kg3 Nxf2 59. Kxf2 Rc4 60.
Ke3 Kd6 61. Kd3 Ra4 1/2-1/2

[Event "SF Telgte 1 - TV Borken 1"]
[Site "Verbandsliga 2017/2018"]
[Date "2017.12.09"]
[Round "4.2"]
[White "Lodde, Martin"]
[Black "Beckmann, David"]
[Result "0-1"]
[WhiteElo "1962"]
[BlackElo "2009"]
[PlyCount "106"]
[EventDate "2017.??.??"]
[SourceTitle "Verband Muensterland"]
[SourceDate "2017.09.16"]
[SourceVersion "1"]
[SourceVersionDate "2017.09.16"]
[SourceQuality "1"]

1. d4 d5 2. Nf3 Nf6 3. g3 c6 4. Bg2 Bf5 5. O-O e6 6. c4 Be7 7. Nc3 Nbd7 8. cxd5
exd5 9. Nh4 Bg4 10. h3 Be6 11. Nf3 Ne4 12. Nd2 Nxd2 13. Qxd2 Nb6 14. b3 Qd7 15.
Kh2 h5 16. a4 h4 17. g4 O-O-O 18. Kh1 f5 19. a5 Na8 20. f3 Nc7 21. Qd3 Rdf8 22.
Bf4 Bd6 23. Bxd6 Qxd6 24. Na4 Na6 25. Qe3 Re8 26. Qc3 Bd7 27. Rae1 Re7 28. Nc5
Nxc5 29. dxc5 Qe5 30. Qb4 a6 31. f4 Qc7 32. g5 Rhe8 33. Bf3 Re3 34. Rb1 R8e4
35. Bxe4 Rxh3+ 36. Kg2 Rg3+ 37. Kf2 Qxf4+ 38. Ke1 Qxe4 39. Qxe4 dxe4 40. Rh1
Rxg5 41. Kf2 Rh5 42. Rbd1 g5 43. Rd6 f4 44. Rg6 g4 45. Rd1 g3+ 46. Kg1 f3 47.
Rg8+ Kc7 48. exf3 exf3 49. Rg7 Rd5 50. Rxd5 cxd5 51. Rf7 f2+ 52. Kg2 Kd8 53.
Rf4 Bb5 0-1

[Event "SF Telgte 1 - TV Borken 1"]
[Site "Verbandsliga 2017/2018"]
[Date "2017.12.09"]
[Round "4.3"]
[White "Schroer, Klaus"]
[Black "Kuhlenbäumer, Willi"]
[Result "0-1"]
[WhiteElo "1990"]
[BlackElo "1925"]
[PlyCount "54"]
[EventDate "2017.??.??"]
[SourceTitle "Verband Muensterland"]
[SourceDate "2017.09.16"]
[SourceVersion "1"]
[SourceVersionDate "2017.09.16"]
[SourceQuality "1"]

1. e4 d6 2. d4 Nf6 3. Nc3 g6 4. Nf3 Bg7 5. Bd3 O-O 6. O-O Nc6 7. a3 e5 8. dxe5
dxe5 9. h3 Nh5 10. Bc4 Be6 11. Bxe6 fxe6 12. Bg5 Qe8 13. Qd2 Rxf3 14. gxf3 Nd4
15. Kg2 Qf7 16. Qd1 Rf8 17. f4 h6 18. Bh4 Bf6 19. Bxf6 Nxf4+ 20. Kh2 Qxf6 21.
Qg4 Kh7 22. Rad1 Rf7 23. Rd2 Rg7 24. Nd1 h5 25. Qg3 g5 26. Ne3 g4 27. hxg4 h4
0-1

[Event "SF Telgte 1 - TV Borken 1"]
[Site "Verbandsliga 2017/2018"]
[Date "2017.12.09"]
[Round "4.4"]
[White "Junker, Axel"]
[Black "Vijayakumaran, Vithoosan"]
[Result "1-0"]
[WhiteElo "1881"]
[BlackElo "1715"]
[PlyCount "119"]
[EventDate "2017.??.??"]
[SourceTitle "Verband Muensterland"]
[SourceDate "2017.09.16"]
[SourceVersion "1"]
[SourceVersionDate "2017.09.16"]
[SourceQuality "1"]

1. c4 Nc6 2. Nc3 Nf6 3. g3 e5 4. Bg2 Bc5 5. d3 O-O 6. Nf3 Re8 7. Ng5 h6 8. Nge4
Nxe4 9. Bxe4 d6 10. O-O Bg4 11. a3 a5 12. Rb1 Qd7 13. Bd2 Nd4 14. b4 Bb6 15.
Bxb7 Ra7 16. Be4 axb4 17. axb4 Ra3 18. Re1 c6 19. b5 cxb5 20. Nxb5 Nxb5 21.
Rxb5 Qa7 22. Rf1 Bd7 23. Rb1 Bh3 24. Bg2 Bxg2 25. Kxg2 e4 26. dxe4 Rxe4 27. Bc1
Ra6 28. e3 Qc7 29. Qd5 Rxc4 30. Rd1 Qc6 31. Qxc6 Rxc6 32. Bb2 Ra2 33. Bd4 Bxd4
34. Rxd4 Kf8 35. Re4 Ra8 36. Rb7 Re8 37. Rf4 Re7 38. Rb8+ Re8 39. Rb7 Re7 40.
Rb2 f6 41. h4 Kf7 42. h5 Rec7 43. Rd2 Ke7 44. Re4+ Kf7 45. Red4 Ke6 46. Kf3 Ra7
47. Re4+ Kf7 48. Kf4 Ra5 49. g4 Rb5 50. Ra2 Rb7 51. Ra8 d5 52. Ree8 Rcc7 53.
Kf5 Rb5 54. Rf8+ Ke7 55. Kg6 Kd6 56. Rad8+ Kc6 57. Rc8 Rb4 58. Rxc7+ Kxc7 59.
Kxg7 Rxg4+ 60. Kxh6 1-0

[Event "SF Telgte 1 - TV Borken 1"]
[Site "Verbandsliga 2017/2018"]
[Date "2017.12.09"]
[Round "4.5"]
[White "Farwick, Christian"]
[Black "Kuhlenbäumer, Alfred"]
[Result "0-1"]
[WhiteElo "1827"]
[BlackElo "1874"]
[PlyCount "82"]
[EventDate "2017.??.??"]
[SourceTitle "Verband Muensterland"]
[SourceDate "2017.09.16"]
[SourceVersion "1"]
[SourceVersionDate "2017.09.16"]
[SourceQuality "1"]

1. Nf3 b6 2. d4 e6 3. Bf4 Bb7 4. Nbd2 Nf6 5. e3 Be7 6. c3 O-O 7. Qc2 d6 8. Bd3
h6 9. h3 c5 10. g4 Nbd7 11. Rg1 cxd4 12. exd4 Nd5 13. Bg3 Rc8 14. a3 Re8 15.
O-O-O a6 16. h4 b5 17. g5 h5 18. g6 f6 19. Ne4 Nf8 20. Qe2 b4 21. axb4 Nxb4 22.
Bb1 Bd5 23. Ne1 f5 24. Ng5 Bxg5+ 25. hxg5 Qxg5+ 26. f4 Qxg6 27. Kd2 Nc6 28. Nd3
a5 29. Bh4 Qh7 30. Rg5 g6 31. Rdg1 Kf7 32. Nf2 Re7 33. Bc2 Rb7 34. Nh3 Ke8 35.
Kc1 Rcb8 36. R5g3 Rxb2 37. Ng5 Qd7 38. Qd3 Ra2 39. c4 Nb4 40. cxd5 Nxd3+ 41.
Rxd3 Ra1+ 0-1

[Event "SF Telgte 1 - TV Borken 1"]
[Site "Verbandsliga 2017/2018"]
[Date "2017.12.09"]
[Round "4.6"]
[White "Esser, Peter"]
[Black "Bohn, Andreas"]
[Result "1/2-1/2"]
[WhiteElo "1749"]
[BlackElo "1829"]
[PlyCount "128"]
[EventDate "2017.??.??"]
[SourceTitle "Verband Muensterland"]
[SourceDate "2017.09.16"]
[SourceVersion "1"]
[SourceVersionDate "2017.09.16"]
[SourceQuality "1"]

1. e4 c5 2. Nf3 d6 3. Bb5+ Bd7 4. Bxd7+ Nxd7 5. c4 Ngf6 6. Nc3 g6 7. d4 cxd4 8.
Nxd4 Bg7 9. Be3 O-O 10. O-O Rc8 11. b3 a6 12. Rc1 Nc5 13. f3 Nfd7 14. Nd5 Ne5
15. Rc2 e6 16. Nc3 h5 17. Nde2 Qe7 18. Rd2 Rfd8 19. h3 Kh7 20. Bd4 Bh6 21. f4
Nc6 22. Be3 Bg7 23. Rf3 b5 24. cxb5 axb5 25. Bxc5 dxc5 26. Nxb5 Rxd2 27. Qxd2
Rd8 28. Rd3 Rxd3 29. Qxd3 Nb4 30. Qd2 Qb7 31. Nbc3 Qa7 32. Kh2 e5 33. f5 gxf5
34. exf5 Bh6 35. Qd6 Nxa2 36. Qxe5 Nxc3 37. Qxc3 Qe7 38. Qf3 Qe5+ 39. g3 h4 40.
Kg2 hxg3 41. Nxg3 Qb2+ 42. Ne2 Qd2 43. h4 Qb4 44. Kh3 c4 45. bxc4 Qxc4 46. Ng3
Qd4 47. Qe4 Qc3 48. f6+ Kg8 49. Qf5 Qe3 50. Qg4+ Kh7 51. Qe4+ Qxe4 52. Nxe4 Bc1
53. Kg4 Kg6 54. h5+ Kh6 55. Nd6 Bb2 56. Nxf7+ Kh7 57. Ng5+ Kh6 58. f7 Kg7 59.
Kf5 Ba3 60. Ke6 Kh6 61. Kf6 Kxh5 62. Ne6 Kh6 63. Nf4 Bb4 64. Nd5 Bf8 1/2-1/2

[Event "SF Telgte 1 - TV Borken 1"]
[Site "Verbandsliga 2017/2018"]
[Date "2017.12.09"]
[Round "4.7"]
[White "Wagner, Nils-Frederic"]
[Black "Dieckmann, Werner"]
[Result "1/2-1/2"]
[WhiteElo "1734"]
[BlackElo "1803"]
[PlyCount "108"]
[EventDate "2017.??.??"]
[SourceTitle "Verband Muensterland"]
[SourceDate "2017.09.16"]
[SourceVersion "1"]
[SourceVersionDate "2017.09.16"]
[SourceQuality "1"]

1. c4 e5 2. g3 Nf6 3. Bg2 d6 4. Nc3 c6 5. Nf3 Be7 6. O-O O-O 7. d3 Nbd7 8. Rb1
Re8 9. b4 a6 10. a4 Bf8 11. b5 axb5 12. axb5 c5 13. Ng5 h6 14. Nge4 Nxe4 15.
Nxe4 f5 16. Nc3 Nf6 17. Nd5 Nxd5 18. Bxd5+ Kh8 19. e4 fxe4 20. Bxe4 Qe7 21. Qh5
Be6 22. f4 Bf7 23. Qf3 exf4 24. Qxf4 Bxc4 25. Bb2 Qe6 26. dxc4 Qxe4 27. Qxh6+
Qh7 28. Qd2 Qe4 29. Rbe1 Qg6 30. Rf4 Rxe1+ 31. Qxe1 Re8 32. Qf2 Kg8 33. Qd2 Qe6
34. Kf2 Re7 35. h4 Rf7 36. Bc1 Rxf4+ 37. Qxf4 d5 38. cxd5 Qxd5 39. Qg5 Qxg5 40.
Bxg5 Kf7 41. Ke3 Ke6 42. Ke4 Bd6 43. g4 Be5 44. Be3 Bd6 45. h5 Bf8 46. Bf4 Be7
47. h6 gxh6 48. Bxh6 Bf6 49. Be3 b6 50. Bf4 Bc3 51. Bc7 Ba5 52. Be5 Bd2 53. Bc7
Ba5 54. Be5 Bd2 1/2-1/2

[Event "SF Telgte 1 - TV Borken 1"]
[Site "Verbandsliga 2017/2018"]
[Date "2017.12.09"]
[Round "4.8"]
[White "Schenke, Conrad"]
[Black "Boldrick, Marcel"]
[Result "1/2-1/2"]
[WhiteElo "1696"]
[BlackElo "1524"]
[PlyCount "38"]
[EventDate "2017.??.??"]
[SourceTitle "Verband Muensterland"]
[SourceDate "2017.09.16"]
[SourceVersion "1"]
[SourceVersionDate "2017.09.16"]
[SourceQuality "1"]

1. e4 e5 2. Nf3 Nc6 3. Bb5 Nge7 4. Nc3 g6 5. d3 h6 6. Be3 Bg7 7. O-O O-O 8. a3
d6 9. Bc4 Nd4 10. h3 a6 11. Nd5 Be6 12. Nxe7+ Qxe7 13. Bxe6 Nxf3+ 14. Qxf3 Qxe6
15. Qe2 Kh7 16. c3 Rfe8 17. Qc2 c5 18. c4 f5 19. f3 f4 1/2-1/2